100 lecciones de ortopedia en buen romance / (Registro nro. 367)
[ vista simple ]
| 000 -LEADER | |
|---|---|
| fixed length control field | 00631 am a2200205 a 4500 |
| 005 - FECHA ULTIMA MODIFICACION | |
| control field | 20231211122107.0 |
| 008 - CAMPO DE CONTROL (LIBRO) | |
| fixed length control field | 100615s1995||||ag a g |||| 001 0 spa d |
| 020 ## - INTERNATIONAL STANDARD BOOK NUMBER | |
| ISBN | 9879554302 |
| 041 ## - CODIGO DE IDIOMA | |
| Código de idioma del texto/pista de sonido o título separado | spa |
| 092 ## - SIGNATURA TOPOGRAFICA DEWEY LOCAL | |
| número de clasificación | 617.73 |
| libristica | 15 |
| sección | DEL |
| 100 1# - ENTRADA PRINCIPAL--NOMBRE PERSONAL | |
| Nombre personal | Del Sel, José Manuel. |
| 9 (RLIN) | 1222 |
| 245 4# - TITULO PROPIAMENTE DICHO | |
| Título | 100 lecciones de ortopedia en buen romance / |
| Mención de responsabilidad y remanente de la transcripción de la portada | José Manuel Del Sel. |
| 250 ## - MENCION DE EDICION | |
| Mención de edición | 1a ed. |
| 260 ## - PIE DE IMPRENTA | |
| Lugar de publicación, distribución, etc | Buenos Aires: |
| Nombre de la editorial, distribuidor, etc | La Balsa; |
| Fecha de publicación | 1995. |
| 300 ## - DESCRIPCION FISICA | |
| Extension | 94 p. |
| Otros detalles físicos | il. |
| 500 ## - NOTA GENERAL | |
| Nota general | Del Sel, J. M. (1995). 100 lecciones de ortopedia en buen romance. (1a ed.). Buenos Aires : La Balsa. |
| 653 ## - TÉRMINO INDIZADO - PALABRAS CLAVES | |
| Palabra clave | Ortopedia |
| 930 ## - NUMERO DE INVENTARIO | |
| Número de inventario | 1693 |
| 942 ## - ADDED ENTRY ELEMENTS (KOHA) | |
| Source of classification or shelving scheme | Dewey Decimal Classification |
| Item type | Libros |
| Estado de retiro | Existencia | Estado general | No para prestamo | Ubicación permanente | ubicación actual | Sala de ubicación | Fecha de adquisición | Total Checkouts | Número de clasificación | Código de barras | Date last seen | Número de ejemplar | Price effective from | Koha tipo de elemento (item) |
|---|---|---|---|---|---|---|---|---|---|---|---|---|---|---|
| Biblioteca Medicina | Biblioteca Medicina | Circulación | 13/05/2011 | 617.73 15 DEL | 1693 | 06/11/2014 | ej.1 | 13/05/2011 | Libros |